MARC details
| 000 -CABECERA |
| campo de control de longitud fija |
01978nam a2200301 a 4500 |
| 003 - IDENTIFICADOR DEL NÚMERO DE CONTROL |
| campo de control |
DO-SdBNP |
| 005 - FECHA Y HORA DE LA ÚLTIMA TRANSACCIÓN |
| campo de control |
20230511100335.0 |
| 007 - CAMPO FIJO DE DESCRIPCIÓN FÍSICA--INFORMACIÓN GENERAL |
| campo de control de longitud fija |
ta |
| 008 - DATOS DE LONGITUD FIJA--INFORMACIÓN GENERAL |
| campo de control de longitud fija |
220201e2019 dr ||||gr|||| 001 edspa d |
| 020 ## - NÚMERO INTERNACIONAL ESTÁNDAR DEL LIBRO |
| Número Internacional Estándar del Libro |
9789945917215 |
| 040 ## - FUENTE DE LA CATALOGACIÓN |
| Centro catalogador/agencia de origen |
DO-SdBNP |
| Lengua de catalogación |
spa |
| Centro/agencia transcriptor |
BNPHU |
| 082 #4 - NÚMERO DE LA CLASIFICACIÓN DECIMAL DEWEY |
| Número de edición |
22 |
| Número de documento/Ítem |
M844c |
| 100 1# - ENTRADA PRINCIPAL--NOMBRE DE PERSONA |
| 9 (RLIN) |
10120 |
| Nombre de persona |
Moreta Castillo, Américo, |
| Fechas asociadas al nombre |
1956- |
| 245 10 - MENCIÓN DE TÍTULO |
| Título |
Conferencias patrióticas / |
| Mención de responsabilidad, etc. |
Américo Moreta Castillo |
| 260 ## - PUBLICACIÓN, DISTRIBUCIÓN, ETC. |
| Lugar de publicación, distribución, etc. |
Santo Domingo : |
| Nombre del editor, distribuidor, etc. |
CPEP, |
| Fecha de publicación, distribución, etc. |
2019 |
| 300 ## - DESCRIPCIÓN FÍSICA |
| Extensión |
274 p. : |
| Dimensiones |
23 cm. |
| 490 ## - MENCIÓN DE SERIE |
| Mención de serie |
Comisión Permanente de Efemérides Patrias; |
| Designación de volumen o secuencia |
50 |
| 500 ## - NOTA GENERAL |
| Nota general |
Incluye datos biográficos del autor en la solapa de la portada. |
| 500 ## - NOTA GENERAL |
| Nota general |
Incluye bibliografía y notas al pié de páginas. |
| 505 ## - NOTA DE CONTENIDO CON FORMATO |
| Nota de contenido con formato |
Presentación. |
| Título |
Juan Pablo Duarte, fundador de la República y el ejemplo para todos los dominicanos.-- |
| -- |
Los Padres de la Patria y la Independencia Nacional.-- |
| -- |
Hitos en la vida de Francisco Sánchez, abogado y Padre de la Patria.-- |
| -- |
Ruta duartiana de la Ciudad Colonia.-- |
| -- |
La Constitución de San Cristóbal del 6 de noviembre de 1844.-- |
| -- |
La Constitución de Moca de 1858. Inspiración del Gobierno Restaurador.-- |
| -- |
Vida, obra y pensamiento del general Luperón.-- |
| -- |
Las enseñanzas del general Luperón (Análisis de su pensamiento).-- |
| -- |
Soldados de la Independencia, generales de la Restauración.-- |
| -- |
Causas y consecuencias de la guerra Restauradora.-- |
| -- |
Aspectos controvertibles de la guerra Restauradora.-- |
| -- |
Iglesia e identidad nacional en Santo Domingo.-- |
| -- |
María de la Altagracia y María de las Mercedes.-- |
| -- |
La llama viva. |
| 590 ## - NOTA LOCAL (RLIN) |
| Nota local |
inventariado 2022 / MF |
| 650 #4 - PUNTO DE ACCESO ADICIONAL DE MATERIA--TÉRMINO DE MATERIA |
| 9 (RLIN) |
55107 |
| Término de materia o nombre geográfico como elemento de entrada |
Patriotismo |
| Subdivisión general |
Ensayos, Conferencias, etc. |
| Subdivisión geográfica |
República Dominicana |
| 650 #4 - PUNTO DE ACCESO ADICIONAL DE MATERIA--TÉRMINO DE MATERIA |
| 9 (RLIN) |
77689 |
| Término de materia o nombre geográfico como elemento de entrada |
Personajes históricos |
| Subdivisión de forma |
Biografías |
| Subdivisión general |
Ensayos, Conferencias, etc. |
| Subdivisión geográfica |
República Dominicana |
| 710 1# - PUNTO DE ACCESO ADICIONAL--NOMBRE DE ENTIDAD CORPORATIVA |
| Nombre de entidad corporativa o nombre de jurisdicción como elemento de entrada |
República Dominicana |
| Unidad subordinada |
Comisión Permanente de Efemérides Patria |
| 9 (RLIN) |
45309 |
| 830 ## - PUNTO DE ACCESO ADICIONAL DE SERIE-TÍTULO UNIFORME |
| 9 (RLIN) |
76378 |
| Título uniforme |
Comisión Permanente de Efemérides Patrias; |
| Número de parte o sección de la obra |
50 |
| 910 ## - DATOS DE OPCIÓN DEL USUARIO (OCLC) |
| Datos de opción del usuario |
MFeliz |
| 942 ## - ELEMENTOS DE PUNTO DE ACCESO ADICIONAL (KOHA) |
| Fuente del sistema de clasificación o colocación |
Dewey Decimal Classification |
| Tipo de ítem Koha |
Libro |